| 000 | 00333nam a22001337a 4500 | ||
|---|---|---|---|
| 020 | _a9780743295826 | ||
| 040 | _cNUST | ||
| 082 | _a954.91053 PER | ||
| 100 |
_aMusharraf, Pervez _913067 |
||
| 245 | _aIn The Line of Fire | ||
| 260 |
_aLondon: _bSimon & Schuster, _c2006. |
||
| 650 |
_aIn The Line of Fire _9113985 |
||
| 942 |
_2ddc _cBK |
||
| 999 |
_c595397 _d595397 |
||